000 00442nam a22001817a 4500
003 CEME
005 20210628201834.0
008 210222b xxu||||| |||| 00| 0 eng d
020 _a81-7319-321-5
040 _c.
082 _a621.4021 GUH
100 _aGuha, Evelyn
_957038
245 _aBasic thermodynamics
260 _aNEW DELHI
_bNAROSA PUBLISHING
_c2000
300 _aXI,275P
650 _aTHERMODYNAMICS
_97134
942 _cBK
_2ddc
999 _c567348
_d567348